LIBRARY & INFORMATION CENTRE, KCAET, TAVANUR

ONLINE PUBLIC ACCESS CATALOGUE (OPAC)

Engineering Hydrology (Record no. 78)

MARC details
000 -LEADER
fixed length control field 00378cam a2200169ua 4500
020 ## - INTERNATIONAL STANDARD BOOK NUMBER
ISBN 9780070648555
082 ## - DEWEY DECIMAL CLASSIFICATION NUMBER
Classification number 551.48
Item number SUB/EN
100 ## - MAIN ENTRY--AUTHOR NAME
Personal name Subramanya, K .
245 ## - TITLE STATEMENT
Title Engineering Hydrology
250 ## - EDITION STATEMENT
Edition statement 2/3
260 ## - PUBLICATION, DISTRIBUTION, ETC. (IMPRINT)
Place of publication New Delhi :
Name of publisher Tata Mc-Graw Hill Publishing Company ,
Year of publication 1994.
300 ## - PHYSICAL DESCRIPTION
Number of Pages 392 ; .
500 ## - GENERAL NOTE
General note *CSS
942 ## - ADDED ENTRY ELEMENTS (KOHA)
Koha item type Books
003 - CONTROL NUMBER IDENTIFIER
control field @
003 - CONTROL NUMBER IDENTIFIER
control field OSt
Holdings
Withdrawn status Lost status Damaged status Home library Current library Date acquired Full call number Accession Number Koha item type Shelving location Collection code Cost, normal purchase price Source of acquisition
    Damaged KAUAET   07/04/2012 551.48 20543 Books Binding Shelf      
      KAUAET KAUAET 07/04/2012 551.48 21219 Books        
      KAUAET KAUAET 07/04/2012 551.48 19170 Books        
      KAUAET KAUAET 07/04/2012 551.48 18499 Books        
      KAUAET KAUAET 07/04/2012 551.48 20734 Books        
      KAUAET KAUAET 07/04/2012 551.48 20732 Books        
    Damaged KAUAET KAUAET 07/04/2012 551.48 19951 Books        
      KAUAET KAUAET 07/04/2012 551.48 20731 Books        
      KAUAET KAUAET 07/04/2012 551.48 20733 Books        
      KAUAET KAUAET 07/04/2012 551.48 20542 Books        
      KAUAET KAUAET 07/04/2012 551.48 21220 Books        
      KAUAET KAUAET 07/04/2012 551.48 16946 Books        
      KAUAET KAUAET 07/04/2012 551.48 22270 Books        
      KAUAET KAUAET 03/05/2012 551.48 SUB/EN 20730-a Books General Stacks Non-fiction    
      KAUAET KAUAET 31/03/2012 551.48 SUB/EN 23213 Books General Stacks Non-fiction 365.00  
      KAUAET KAUAET 31/03/2012 551.48 SUB/EN 23214 Books General Stacks Non-fiction 365.00  
      KAUAET KAUAET 31/03/2012 551.48 SUB/EN 23215 Books General Stacks Non-fiction 365.00  
      KAUAET KAUAET 31/03/2012 551.48 SUB/EN 23216 Books General Stacks Non-fiction 365.00  
      KAUAET KAUAET 31/03/2012 551.48 SUB/EN 23217 Books General Stacks Non-fiction 365.00  
      KAUAET KAUAET 31/03/2012 551.48 SUB/EN 23218 Books General Stacks Non-fiction 365.00  
      KAUAET KAUAET 31/03/2012 551.48 SUB/EN 23219 Books General Stacks Non-fiction 365.00  
      KAUAET KAUAET 31/03/2012 551.48 SUB/EN 23220 Books General Stacks Non-fiction 365.00  
      KAUAET KAUAET 31/03/2012 551.48 SUB/EN 23221 Books General Stacks Non-fiction 365.00  
      KAUAET KAUAET 31/03/2012 551.48 SUB/EN 23222 Books General Stacks Non-fiction 365.00  
      KAUAET KAUAET 26/06/2014 551.48 SUB/EN 24414 Books        
      KAUAET KAUAET 26/06/2014 551.48 SUB/EN 24415 Books        
      KAUAET KAUAET 26/06/2014 551.48 SUB/EN 24416 Books        
      KAUAET KAUAET 16/08/2016 551.48 SUB/EN 24666 Books        
      KAUAET KAUAET 05/09/2016 551.48 SUB/EN BB 139 Book Bank scheme for SC students Scheme   225.00 T B S Publishers and Distributors, Calicut.
free website counter